000 00967nam a22003017a 4500
003 CHAP
005 20220329133736.0
008 971013s1959 r 00010 d
010 _a10202
011 _a11174
035 _a10412
040 _cCHAP
082 _a534.24
_bA2
100 0 0 _aAckerman, Bernice.
_9610
245 _aCharacteristics of summer radar echoes in Arizona, 1956
260 _a(Tucson) :
_bUniversity of Arizona. Institute of Atmospheric Physics,
_c1959
300 _a66 h.
_b: ilus. ; anexos
590 _aBATCH-UPD
_b10
_c20130110
_lUCH01
_h1439
590 _aBATCH-UPD
_b10
_c20130410
_lUCH01
_h0911
590 _aBATCH-UPD
_b10
_c20130914
_lUCH01
_h1226
590 _aCONVERSION
_b10
_c20130109
_lUCH01
_h1307
650 1 4 _aEco.
_935119
650 1 4 _aLluvia.
_967312
650 1 4 _aMeteorología
_xAparatos e instrumentos.
_975196
901 _aBK
942 _cLIBRO
949 _a534.24 A2
_bBC
_cLIBRO
_d33724000399341
_eLIBRO
_h43381
_i10412
_mD
_si
999 _c10202
_d10202